Представление документа в формате RUSMARC

ПолеНазваниеЗначение
  Тип записи a
  Библиографический уровень m
001 Контрольный номер 39c0a05c2fba45148846d872a1735269
005 Дата корректировки 20170831110640.0
010 Индекс ISBN __
a ISBN 978-5-8018-0616-7
d Цена 406,00
101 Язык документа 0_
a Язык текста rus
102 Страна публикации __
a Страна публикации RU
200 Заглавие и сведения об ответственности 1_
a Заглавие Анализ финансовой отчетности
b Общее обозначение материала Текст
e Сведения, относящиеся к заглавию учебное пособие
f Первые сведения об ответственности С. Г. Чеглакова
205 Сведения об издании __
a Основные сведения об издании 3-е изд.. перераб. и доп.
210 Выходные данные 1_
a Место издания М.
c Издательство Дело и Сервис
d Дата издания 2017
215 Физическое описание __
a Объем 304с.
610 Ключевые слова 0_
a Ключевые слова анализ
a Ключевые слова финансовая отчетность
a Ключевые слова формы
a Ключевые слова бухгалтерский баланс
a Ключевые слова отчет о финансовых результатах
a Ключевые слова отчет о движении денежных средств
a Ключевые слова практический анализ
686 Индексы других классификаций __
a Классификационный индекс 65.053
700 Автор _1
a Фамилия Чеглакова С. Г.
801 Источник записи _0
a Страна RU
b Организация РУК
g Правила каталогизации PSBO
801 Источник записи _1
a Страна RU
b Организация РУК
g Правила каталогизации PSBO
852 Данные о местонахождении __
i Авторский знак Ч-34
j Шифр хранения 65.053
b Сигла хранения ЧЗ_1
t Номер экземпляра 1
p Инвентарный номер 1800151088
901 Тип документа __
t Тип документа m
937 Технологическая информация __
a Создатель записи (имя) Носкова
938 Служебная информация __
a Название организации Саранский филиал
952 Тип литературы __
b Гриф литературы для ВШ гриф УМО
c Вид литературы учебное пособие